How kittens grow, (Record no. 6854)

MARC details
000 -LEADER
fixed length control field 01115cam a2200349 4500
001 - CONTROL NUMBER
control field 6854
003 - CONTROL NUMBER IDENTIFIER
control field FISKH
005 - DATE AND TIME OF LATEST TRANSACTION
control field 20250603113319.0
008 - FIXED-LENGTH DATA ELEMENTS--GENERAL INFORMATION
fixed length control field 740703t19751973nyua j 000 0 eng
010 ## - LIBRARY OF CONGRESS CONTROL NUMBER
LC control number 74013162
020 ## - INTERNATIONAL STANDARD BOOK NUMBER
International Standard Book Number 0590074091
020 ## - INTERNATIONAL STANDARD BOOK NUMBER
International Standard Book Number 078073003501
040 ## - CATALOGING SOURCE
Original cataloging agency DLC
Transcribing agency DLC
Modifying agency DLC
Language of cataloging eng
050 ## - LIBRARY OF CONGRESS CALL NUMBER
Classification number SF445 .S44
082 ## - DEWEY DECIMAL CLASSIFICATION NUMBER
Classification number 636.807
100 1# - MAIN ENTRY--PERSONAL NAME
Personal name Selsam, Millicent E.
Fuller form of name (Millicent Ellis),
Dates associated with a name 1912-1996.
245 10 - TITLE STATEMENT
Title How kittens grow,
Statement of responsibility, etc. by Millicent E. Selsam. Photos. by Esther Bubley.
250 ## - EDITION STATEMENT
Edition statement First Scholastic printing, November 1992
260 ## - PUBLICATION, DISTRIBUTION, ETC.
Place of publication, distribution, etc. New York,
Name of publisher, distributor, etc. Scholastic,
Date of publication, distribution, etc. 1973
300 ## - PHYSICAL DESCRIPTION
Extent 32 unnumbered pages : c
Other physical details olor illustrations ;
Dimensions 21 cm
505 ## - FORMATTED CONTENTS NOTE
Formatted contents note J<br/>
520 ## - SUMMARY, ETC.
Summary, etc. A photographic essay describing four kittens' first eight weeks of life.
521 8# - TARGET AUDIENCE NOTE
Target audience note 470<br/>
Source Lexile<br/>
521 8# - TARGET AUDIENCE NOTE
Target audience note J<br/>
Source Raz-Plus<br/>
650 #0 - SUBJECT ADDED ENTRY--TOPICAL TERM
Topical term or geographic name entry element Cats
General subdivision Juvenile literature.
650 #0 - SUBJECT ADDED ENTRY--TOPICAL TERM
Topical term or geographic name entry element Animals
General subdivision Infancy
-- Juvenile literature.
650 #1 - SUBJECT ADDED ENTRY--TOPICAL TERM
Topical term or geographic name entry element Cats.
700 1# - ADDED ENTRY--PERSONAL NAME
Personal name Bubley, Esther,
Relator term illustrator
906 ## - LOCAL DATA ELEMENT F, LDF (RLIN)
a 7
b cbc
c orignew
d 1
e ocip
f 19
g y-gencatlg
942 ## - ADDED ENTRY ELEMENTS (KOHA)
Source of classification or shelving scheme Dewey Decimal Classification
Koha item type Books
Suppress in OPAC No
Holdings
Withdrawn status Lost status Source of classification or shelving scheme Damaged status Not for loan Collection Home library Current library Shelving location Date acquired Total Checkouts Full call number Barcode Date last seen Copy number Price effective from Koha item type
    Dewey Decimal Classification     Non-Fiction Footprints International School Library Network Toul Kork Campus Footprints International School Library Network Toul Kork Campus TK Primary Library Room(4th Floor), Bookcase 1&2, Shelves 1-16, Dark Blue Books 06/03/2025   SEL 636.807 SF445 .S44 FISTK02581 06/03/2025 1 06/03/2025 Books
    Dewey Decimal Classification     Non-Fiction Footprints International School Library Network Toul Tom Poung Campus Footprints International School Library Network Toul Tom Poung Campus TTP Primary Dark Blue Bookshelves 09/15/2025   SEL 636.807 SF445 .S44 FIS02514 09/15/2025 2 09/15/2025 Books